Géographie de l'Afrique par lettre - I - Statistiques

Statistiques générales
  • Ce quiz a été pris 140 fois
  • Le résultat moyen est 5 sur 9
Statistiques - réponses
Indice Réponse % Correct
Océan à l'est du continent Océan {Indien}
99%
Ce que sont Madagascar ou la Réunion Îles
98%
Matière des défenses d'éléphants, ayant donné leur nom à un pays d'Afrique Occidentale. Ivoire
94%
Pays européen ayant eu certaines colonies en Afrique, comme l'Abyssinie Italie
90%
Pays asiatique ayant conquis la péninsule du Sinaï lors de la guerre des Six Jours Israël
79%
Langue parlée dans ce pays, par le peuple du même nom Igbo
19%
3ème plus grande ville du Nigeria Ibadan
16%
Point culminant du Zimbabwe Inyangani
2%
Ancien royaume s'étendant sur l'Éthiopie et la Somalie modernes Sultanat d'{Isaaq}
0%
Aucun quiz correspondant
Distribution des résultats
% des personnes avec chaque résultat
Percentile par nombre de réponses
Votre historique - résultats
Vous n’avez pas pris ce quiz